| 000 | 01018nam a2200229Ia 4500 | ||
|---|---|---|---|
| 999 |
_c38321 _d38321 |
||
| 001 | 4331 | ||
| 003 | GE_BSU | ||
| 005 | 20191009104218.0 | ||
| 008 | 181216s1975||||ge |||||||||||||| ||geo|| | ||
| 040 | _cGE_BSU | ||
| 041 | _ageo | ||
| 080 | _a821.353.1–91–1+398.2(479.22) ქ–27 | ||
| 245 |
_aქართული ხალხური პოეზია : _bტ. 2, ნაკვ. 2 : საგმირო ლექსები / _cშეადგინა ქს. სიხარულიძემ. |
||
| 264 |
_aთბილისი : _bმეცნიერება, _c1975. |
||
| 300 |
_a618 გვ. ; _b22 სმ. |
||
| 500 | _a | ||
| 501 | _aლექსიკონი და საძიებლები: გვ. 545-606. | ||
| 653 | _aქართული ხალხური პოეზია | ||
| 700 |
_aსიხარულიძე, ქს. _eშემდგენელი _94640 |
||
| 700 |
_aჩიქოვანი, მ. _eრედაქტორი _94641 |
||
| 942 |
_cBK _2udc |
||